00681nam a2200205 i 4500001000700000003000900007005001700016007000300033008004100036100002400077245009000101250001300191260003800204300002200242490007600264650002200340700001600362830007600378852002100454150940ES-MaACL20250815110839.0t|071121q1887 fr ||||1| fre d1 aDana, James Dwight.10aManuel du géologue / cJ.D. Dana ; traduit et adapté de l'anglais par W. Houtlet. a3e éd. aParis : bJ. Hetzel, c[ca. 1887] a294 p. ; c19 cm.1 aBibliothèque des professions industrielles, commerciales et agricoles07aGeología2embne1 aHoutlet, W.1 aBibliothèque des professions industrielles, commerciales et agricoles aES-MaACLjC-4613